The watcher

Bibliographic Details
Main Author: Freeman, Brian (Author)
Format: Book
Language:English
Published: London : Headline , c2008
Subjects:

MARC

LEADER 00000cam a2200000 7i4500
001 0000062813
005 20230626093000.0
008 090526s2008 enk eng
020 |a 9780755335282 
090 0 0 |a PS3606.R4454   |b F74 2008 
100 1 |a Freeman, Brian ,   |e author 
245 1 4 |a The watcher   |c Brian Freeman 
260 |a London :   |b Headline ,   |c c2008 
300 |a 344 p. :   |b ill. ;   |c 23 cm. 
650 0 |a Judicial error   |v Fiction 
650 0 |a Police   |x Minnesota   |x Fiction 
650 0 |a Stride, Jonathan (fictitious character)   |x Fiction 
999 |a 1000126355   |b Book   |c OPEN SHELF (30 DAYS)   |e Gong Badak Campus